Penilaian program latihan berasaskan web dalam pengajaran dan pembelajaran di sebuah sekolah di Petaling Jaya /
Saved in:
| 主要作者: | |
|---|---|
| 格式: | Thesis 圖書 |
| 語言: | English |
| 出版: |
2002.
|
| 標簽: |
添加標簽
沒有標簽, 成為第一個標記此記錄!
|
| LEADER | 00966cam a2200241 i 4500 | ||
|---|---|---|---|
| 001 | u1125544 | ||
| 003 | SIRSI | ||
| 005 | 201910291344 | ||
| 008 | 191029s2002 my ad m 000 0 eng | ||
| 040 | |a UMD |e rda | ||
| 100 | 0 | |a Azura Kamaruddin. | |
| 245 | 1 | 0 | |a Penilaian program latihan berasaskan web dalam pengajaran dan pembelajaran di sebuah sekolah di Petaling Jaya / |c Azura Kamaruddin. |
| 264 | 1 | |c 2002. | |
| 300 | |a ix, 56 leaves : |b illustrations. ; |c 30 cm. | ||
| 502 | |a M.Tech.Instr. |c Jabatan Kurikulum Dan Teknologi Pengajaran, Fakulti Pendidikan, Universiti Malaya |d 2002. | ||
| 504 | |a Bibliography: leaves 53-56. | ||
| 710 | 2 | |a Universiti Malaya. |b Fakulti Pendidikan. |e degree granting institution. | |
| 901 | |a 1 copy in (UMD). | ||
| 336 | |a text$2rdacontent | ||
| 337 | |a unmediated$2rdamedia | ||
| 338 | |a volume$2rdacarrier | ||
| 596 | |a 8 | ||
| 999 | |a LB1028.3 UM 2002 AZU |w LC |c 1 |i A517313324 |d 25/11/2021 |e 25/11/2021 |l STACKS |m P08PENDIDI |n 1 |r Y |s Y |t TESIS |u 18/3/2021 | ||
